Un viaje por la utopia del evangelio

Saved in:  
Bibliographic Details
Main Author: Domínguez Balaguer, Ramón 1948- (Author)
Format: Print Book
Language:Spanish
Subito Delivery Service: Order now.
Check availability: HBZ Gateway
WorldCat: WorldCat
Interlibrary Loan:Interlibrary Loan for the Fachinformationsdienste (Specialized Information Services in Germany)
Published: Valencia Selbstverl. 1984
In:Year: 1984
Further subjects:B Dogmatics
B Kingdom of God (motif)

MARC

LEADER 00000cam a22000002c 4500
001 1096693607
003 DE-627
005 20240429192745.0
007 tu
008 911212s1984 xx ||||| 00| ||spa c
035 |a (DE-627)1096693607 
035 |a (DE-576)026693607 
035 |a (DE-599)BSZ026693607 
035 |a (OCoLC)311679385 
040 |a DE-627  |b ger  |c DE-627  |e rakwb 
041 |a spa 
084 |a 1  |2 ssgn 
100 1 |0 (DE-588)1145674291  |0 (DE-627)100686167X  |0 (DE-576)167359967  |4 aut  |a Domínguez Balaguer, Ramón  |d 1948- 
109 |a Domínguez Balaguer, Ramón 1948-  |a Balaguer, Ramón D. 1948- 
245 1 3 |a Un viaje por la utopia del evangelio  |c Ramón Domínguez Balaguer 
264 1 |a Valencia  |b Selbstverl.  |c 1984 
300 |a 332 S. 
336 |a Text  |b txt  |2 rdacontent 
337 |a ohne Hilfsmittel zu benutzen  |b n  |2 rdamedia 
338 |a Band  |b nc  |2 rdacarrier 
583 1 |a Archivierung prüfen  |c 20200919  |f DE-640  |z 1  |2 pdager 
583 1 |a Archivierung/Langzeitarchivierung gewährleistet  |f SSG  |x XA-DE-BW  |2 pdager  |5 DE-21 
601 |a Evangeliar 
650 0 7 |0 (DE-588)4012624-9  |0 (DE-627)106347608  |0 (DE-576)208899448  |a Dogmatik  |2 gnd 
650 0 7 |0 (DE-588)4049101-8  |0 (DE-627)106188372  |0 (DE-576)20908054X  |a Reich Gottes  |2 gnd 
935 |a mteo 
951 |a BO 
ELC |b 1 
ITA |a 1  |t 1 
LOK |0 000 xxxxxcx a22 zn 4500 
LOK |0 001 2177144760 
LOK |0 003 DE-627 
LOK |0 004 1096693607 
LOK |0 005 20090903100240 
LOK |0 008 911212||||||||||||||||ger||||||| 
LOK |0 040   |a DE-21  |c DE-627  |d DE-21 
LOK |0 852   |a DE-21 
LOK |0 852 1  |c 26 A 19023  |9 00 
LOK |0 935   |a kram  |a konv  |a theo  |a sepp 
LOK |0 939   |a 12-12-91  |b l01 
ORI |a SA-MARC-ixtheoa001.raw 
STA 0 0 |a Dogmatics,Kingdom of God (motif),Kingdom of God,God's Kingdom,Reign of God,God's reign 
STB 0 0 |a Dogmatique,Royaume de Dieu (motif),Royaume de Dieu 
STC 0 0 |a Dogmática,Reino de Dios 
STD 0 0 |a Dogmatica,Regno di Dio 
STE 0 0 |a 教义学 
STF 0 0 |a 教義學 
STG 0 0 |a Dogmática,Reino de Deus 
STH 0 0 |a Догматика,Царство Божие 
STI 0 0 |a Βασίλειο του Θεού,Δογματική 
SYE 0 0 |a Glaubenslehre , Gottesherrschaft,Gottesreich,Herrschaft Gottes,Himmelreich,Königsherrschaft Gottes,Königsherrschaft Jesu Christi,Königreich Jesu Christi,Königtum Gottes